000
00334nam a2200145Ia 4500
003
OSt
005
20240223144136.0
008
170524s9999 xx 000 0 und d
020
_a
978-9325963474
040
_c
IIMT UNIVERSITY
100
_a
Kalavathy S
245
0
_a
OPERATIONS RESEARCH
260
_a
New Delhi Vikas
942
_2
ddc
_c
02
999
_c
3002
_d
3002